000 00555cam a2200145 4500500
005 20251228090748.0
041 _afre
042 _adc
100 1 0 _aAvril, Yves
_eauthor
245 0 0 _aColloque de l’association Le Porche, à Jérusalem, sur « Péguy et la mystique d’Israël »
260 _c2016.
500 _a86
786 0 _nBulletin de l’Amitié Charles Péguy | 156 | 4 | 2016-04-15 | p. 350-351 | 0180-8567
856 4 1 _uhttps://shs.cairn.info/revue-bulletin-de-lamitie-charles-peguy-2016-4-page-350?lang=fr&redirect-ssocas=7080
999 _c1602700
_d1602700